<?xml version="1.0" encoding="UTF-8"?>
<record
    xmlns:xsi="http://www.w3.org/2001/XMLSchema-instance"
    xsi:schemaLocation="http://www.loc.gov/MARC21/slim http://www.loc.gov/standards/marcxml/schema/MARC21slim.xsd"
    xmlns="http://www.loc.gov/MARC21/slim">

  <leader>00978nam a22002297a 4500</leader>
  <controlfield tag="005">20170707111644.0</controlfield>
  <datafield tag="010" ind1=" " ind2=" ">
    <subfield code="a">1617EN</subfield>
  </datafield>
  <datafield tag="020" ind1=" " ind2=" ">
    <subfield code="a">9788125916543</subfield>
    <subfield code="c">475.00</subfield>
  </datafield>
  <datafield tag="035" ind1=" " ind2=" ">
    <subfield code="a">B-654448-461</subfield>
  </datafield>
  <datafield tag="035" ind1=" " ind2=" ">
    <subfield code="a">B-667880</subfield>
  </datafield>
  <datafield tag="037" ind1=" " ind2=" ">
    <subfield code="a">dpl </subfield>
    <subfield code="b">Techniz </subfield>
  </datafield>
  <datafield tag="100" ind1=" " ind2=" ">
    <subfield code="a">Gupta, C.B.</subfield>
  </datafield>
  <datafield tag="245" ind1=" " ind2=" ">
    <subfield code="a">Introduction to statistical methods / </subfield>
    <subfield code="c">by C.B. Gupta [and] Vijay Gupta </subfield>
  </datafield>
  <datafield tag="250" ind1=" " ind2=" ">
    <subfield code="a">23rd rev. ed</subfield>
  </datafield>
  <datafield tag="260" ind1=" " ind2=" ">
    <subfield code="a">Noida</subfield>
    <subfield code="b">Vikas Publishing House </subfield>
    <subfield code="c">2015 (repr.)</subfield>
  </datafield>
  <datafield tag="270" ind1=" " ind2=" ">
    <subfield code="a">E-28, Sector-8, </subfield>
    <subfield code="b">Noida </subfield>
    <subfield code="e">201301</subfield>
  </datafield>
  <datafield tag="300" ind1=" " ind2=" ">
    <subfield code="a">x,829p.</subfield>
    <subfield code="c">19cm(pbk)</subfield>
  </datafield>
  <datafield tag="700" ind1=" " ind2=" ">
    <subfield code="a">Gupta, Vijay </subfield>
  </datafield>
  <datafield tag="942" ind1=" " ind2=" ">
    <subfield code="2">ddc</subfield>
    <subfield code="c">EN</subfield>
    <subfield code="m">GUP</subfield>
    <subfield code="h">311.2</subfield>
  </datafield>
  <datafield tag="999" ind1=" " ind2=" ">
    <subfield code="c">102266</subfield>
    <subfield code="d">102266</subfield>
  </datafield>
  <datafield tag="952" ind1=" " ind2=" ">
    <subfield code="0">0</subfield>
    <subfield code="1">0</subfield>
    <subfield code="4">0</subfield>
    <subfield code="7">0</subfield>
    <subfield code="8">NFIC</subfield>
    <subfield code="a">L</subfield>
    <subfield code="b">L</subfield>
    <subfield code="d">2017-02-21</subfield>
    <subfield code="e">BPPD/EN/2016-17/306/24.11.2016/TZ16932/5.12.2016/4.1.2017</subfield>
    <subfield code="g">475.00</subfield>
    <subfield code="l">12</subfield>
    <subfield code="m">3</subfield>
    <subfield code="o">311.2 GUP</subfield>
    <subfield code="p">B-654448</subfield>
    <subfield code="r">2022-06-21 00:00:00</subfield>
    <subfield code="s">2022-06-15</subfield>
    <subfield code="t">1</subfield>
    <subfield code="v">475.00</subfield>
    <subfield code="w">2017-02-21</subfield>
    <subfield code="y">EN</subfield>
  </datafield>
  <datafield tag="952" ind1=" " ind2=" ">
    <subfield code="0">0</subfield>
    <subfield code="1">0</subfield>
    <subfield code="4">0</subfield>
    <subfield code="7">0</subfield>
    <subfield code="8">NFIC</subfield>
    <subfield code="a">BL1</subfield>
    <subfield code="b">BL1</subfield>
    <subfield code="d">2017-02-21</subfield>
    <subfield code="e">BPPD/EN/2016-17/306/24.11.2016/TZ16932/5.12.2016/4.1.2017</subfield>
    <subfield code="g">475.00</subfield>
    <subfield code="l">5</subfield>
    <subfield code="o">311.2 GUP</subfield>
    <subfield code="p">B-654449</subfield>
    <subfield code="r">2021-02-23 00:00:00</subfield>
    <subfield code="s">2021-02-11</subfield>
    <subfield code="t">1</subfield>
    <subfield code="v">475.00</subfield>
    <subfield code="y">EN</subfield>
  </datafield>
  <datafield tag="952" ind1=" " ind2=" ">
    <subfield code="0">0</subfield>
    <subfield code="1">0</subfield>
    <subfield code="4">0</subfield>
    <subfield code="7">0</subfield>
    <subfield code="8">NFIC</subfield>
    <subfield code="a">KGM</subfield>
    <subfield code="b">KGM</subfield>
    <subfield code="d">2017-02-21</subfield>
    <subfield code="e">BPPD/EN/2016-17/306/24.11.2016/TZ16932/5.12.2016/4.1.2017</subfield>
    <subfield code="g">475.00</subfield>
    <subfield code="l">0</subfield>
    <subfield code="o">311.2 GUP</subfield>
    <subfield code="p">B-654450</subfield>
    <subfield code="r">2017-02-21 00:00:00</subfield>
    <subfield code="t">1</subfield>
    <subfield code="v">475.00</subfield>
    <subfield code="y">EN</subfield>
  </datafield>
  <datafield tag="952" ind1=" " ind2=" ">
    <subfield code="0">0</subfield>
    <subfield code="1">0</subfield>
    <subfield code="4">0</subfield>
    <subfield code="7">0</subfield>
    <subfield code="8">NFIC</subfield>
    <subfield code="a">PR</subfield>
    <subfield code="b">PR</subfield>
    <subfield code="d">2017-02-21</subfield>
    <subfield code="e">BPPD/EN/2016-17/306/24.11.2016/TZ16932/5.12.2016/4.1.2017</subfield>
    <subfield code="g">475.00</subfield>
    <subfield code="l">0</subfield>
    <subfield code="o">311.2 GUP</subfield>
    <subfield code="p">B-654451</subfield>
    <subfield code="r">2017-02-21 00:00:00</subfield>
    <subfield code="t">1</subfield>
    <subfield code="v">475.00</subfield>
    <subfield code="y">EN</subfield>
  </datafield>
  <datafield tag="952" ind1=" " ind2=" ">
    <subfield code="0">0</subfield>
    <subfield code="1">0</subfield>
    <subfield code="4">0</subfield>
    <subfield code="7">0</subfield>
    <subfield code="8">NFIC</subfield>
    <subfield code="a">ZLS</subfield>
    <subfield code="b">ZLS</subfield>
    <subfield code="d">2017-02-21</subfield>
    <subfield code="e">BPPD/EN/2016-17/306/24.11.2016/TZ16932/5.12.2016/4.1.2017</subfield>
    <subfield code="g">475.00</subfield>
    <subfield code="l">1</subfield>
    <subfield code="o">311.2 GUP</subfield>
    <subfield code="p">B-654452</subfield>
    <subfield code="r">2018-06-30 00:00:00</subfield>
    <subfield code="s">2018-06-25</subfield>
    <subfield code="t">1</subfield>
    <subfield code="v">475.00</subfield>
    <subfield code="y">EN</subfield>
  </datafield>
  <datafield tag="952" ind1=" " ind2=" ">
    <subfield code="0">0</subfield>
    <subfield code="1">0</subfield>
    <subfield code="4">0</subfield>
    <subfield code="7">0</subfield>
    <subfield code="8">NFIC</subfield>
    <subfield code="a">AG</subfield>
    <subfield code="b">AG</subfield>
    <subfield code="d">2017-02-21</subfield>
    <subfield code="e">BPPD/EN/2016-17/306/24.11.2016/TZ16932/5.12.2016/4.1.2017</subfield>
    <subfield code="g">475.00</subfield>
    <subfield code="l">2</subfield>
    <subfield code="o">311.2 GUP</subfield>
    <subfield code="p">B-654453</subfield>
    <subfield code="r">2020-02-29 00:00:00</subfield>
    <subfield code="s">2020-02-19</subfield>
    <subfield code="t">1</subfield>
    <subfield code="v">475.00</subfield>
    <subfield code="y">EN</subfield>
  </datafield>
  <datafield tag="952" ind1=" " ind2=" ">
    <subfield code="0">0</subfield>
    <subfield code="1">0</subfield>
    <subfield code="4">0</subfield>
    <subfield code="7">0</subfield>
    <subfield code="8">NFIC</subfield>
    <subfield code="a">VP</subfield>
    <subfield code="b">VP</subfield>
    <subfield code="d">2017-02-21</subfield>
    <subfield code="e">BPPD/EN/2016-17/306/24.11.2016/TZ16932/5.12.2016/4.1.2017</subfield>
    <subfield code="g">475.00</subfield>
    <subfield code="l">5</subfield>
    <subfield code="m">3</subfield>
    <subfield code="o">311.2 GUP</subfield>
    <subfield code="p">B-654454</subfield>
    <subfield code="r">2020-09-15 00:00:00</subfield>
    <subfield code="s">2020-09-02</subfield>
    <subfield code="t">1</subfield>
    <subfield code="v">475.00</subfield>
    <subfield code="y">EN</subfield>
  </datafield>
  <datafield tag="952" ind1=" " ind2=" ">
    <subfield code="0">0</subfield>
    <subfield code="1">0</subfield>
    <subfield code="4">0</subfield>
    <subfield code="7">0</subfield>
    <subfield code="8">NFIC</subfield>
    <subfield code="a">BL3</subfield>
    <subfield code="b">BL3</subfield>
    <subfield code="d">2017-02-21</subfield>
    <subfield code="e">BPPD/EN/2016-17/306/24.11.2016/TZ16932/5.12.2016/4.1.2017</subfield>
    <subfield code="g">475.00</subfield>
    <subfield code="l">0</subfield>
    <subfield code="o">311.2 GUP</subfield>
    <subfield code="p">B-654455</subfield>
    <subfield code="r">2017-02-21 00:00:00</subfield>
    <subfield code="t">1</subfield>
    <subfield code="v">475.00</subfield>
    <subfield code="y">EN</subfield>
  </datafield>
  <datafield tag="952" ind1=" " ind2=" ">
    <subfield code="0">0</subfield>
    <subfield code="1">0</subfield>
    <subfield code="4">0</subfield>
    <subfield code="7">0</subfield>
    <subfield code="8">NFIC</subfield>
    <subfield code="a">NR</subfield>
    <subfield code="b">NR</subfield>
    <subfield code="d">2017-02-21</subfield>
    <subfield code="e">BPPD/EN/2016-17/306/24.11.2016/TZ16932/5.12.2016/4.1.2017</subfield>
    <subfield code="g">475.00</subfield>
    <subfield code="l">0</subfield>
    <subfield code="o">311.2 GUP</subfield>
    <subfield code="p">B-654456</subfield>
    <subfield code="r">2017-02-21 00:00:00</subfield>
    <subfield code="t">1</subfield>
    <subfield code="v">475.00</subfield>
    <subfield code="y">EN</subfield>
  </datafield>
  <datafield tag="952" ind1=" " ind2=" ">
    <subfield code="0">0</subfield>
    <subfield code="1">0</subfield>
    <subfield code="4">0</subfield>
    <subfield code="7">0</subfield>
    <subfield code="8">NFIC</subfield>
    <subfield code="a">MP</subfield>
    <subfield code="b">MP</subfield>
    <subfield code="d">2017-02-21</subfield>
    <subfield code="e">BPPD/EN/2016-17/306/24.11.2016/TZ16932/5.12.2016/4.1.2017</subfield>
    <subfield code="g">475.00</subfield>
    <subfield code="l">0</subfield>
    <subfield code="o">311.2 GUP</subfield>
    <subfield code="p">B-654457</subfield>
    <subfield code="r">2017-02-21 00:00:00</subfield>
    <subfield code="t">1</subfield>
    <subfield code="v">475.00</subfield>
    <subfield code="y">EN</subfield>
  </datafield>
  <datafield tag="952" ind1=" " ind2=" ">
    <subfield code="0">0</subfield>
    <subfield code="1">0</subfield>
    <subfield code="4">0</subfield>
    <subfield code="7">0</subfield>
    <subfield code="8">NFIC</subfield>
    <subfield code="a">BL4</subfield>
    <subfield code="b">BL4</subfield>
    <subfield code="d">2017-02-21</subfield>
    <subfield code="e">BPPD/EN/2016-17/306/24.11.2016/TZ16932/5.12.2016/4.1.2017</subfield>
    <subfield code="g">475.00</subfield>
    <subfield code="l">6</subfield>
    <subfield code="m">4</subfield>
    <subfield code="o">311.2 GUP</subfield>
    <subfield code="p">B-654458</subfield>
    <subfield code="r">2022-02-24 00:00:00</subfield>
    <subfield code="s">2022-02-03</subfield>
    <subfield code="t">1</subfield>
    <subfield code="v">475.00</subfield>
    <subfield code="y">EN</subfield>
  </datafield>
  <datafield tag="952" ind1=" " ind2=" ">
    <subfield code="0">0</subfield>
    <subfield code="1">0</subfield>
    <subfield code="4">0</subfield>
    <subfield code="7">0</subfield>
    <subfield code="8">NFIC</subfield>
    <subfield code="a">YV</subfield>
    <subfield code="b">YV</subfield>
    <subfield code="d">2017-02-21</subfield>
    <subfield code="e">BPPD/EN/2016-17/306/24.11.2016/TZ16932/5.12.2016/4.1.2017</subfield>
    <subfield code="g">475.00</subfield>
    <subfield code="l">0</subfield>
    <subfield code="o">311.2 GUP</subfield>
    <subfield code="p">B-654459</subfield>
    <subfield code="r">2017-02-21 00:00:00</subfield>
    <subfield code="t">1</subfield>
    <subfield code="v">475.00</subfield>
    <subfield code="y">EN</subfield>
  </datafield>
  <datafield tag="952" ind1=" " ind2=" ">
    <subfield code="0">0</subfield>
    <subfield code="1">0</subfield>
    <subfield code="4">0</subfield>
    <subfield code="7">0</subfield>
    <subfield code="8">NFIC</subfield>
    <subfield code="a">RC3</subfield>
    <subfield code="b">RC3</subfield>
    <subfield code="d">2017-02-21</subfield>
    <subfield code="e">BPPD/EN/2016-17/306/24.11.2016/TZ16932/5.12.2016/4.1.2017</subfield>
    <subfield code="g">475.00</subfield>
    <subfield code="l">0</subfield>
    <subfield code="o">311.2 GUP</subfield>
    <subfield code="p">B-654460</subfield>
    <subfield code="r">2017-02-21 00:00:00</subfield>
    <subfield code="t">1</subfield>
    <subfield code="v">475.00</subfield>
    <subfield code="y">EN</subfield>
  </datafield>
  <datafield tag="952" ind1=" " ind2=" ">
    <subfield code="0">4</subfield>
    <subfield code="1">0</subfield>
    <subfield code="4">0</subfield>
    <subfield code="7">0</subfield>
    <subfield code="8">NFIC</subfield>
    <subfield code="a">RC3</subfield>
    <subfield code="b">RC3</subfield>
    <subfield code="d">2017-02-21</subfield>
    <subfield code="e">BPPD/EN/2016-17/306/24.11.2016/TZ16932/5.12.2016/4.1.2017</subfield>
    <subfield code="g">475.00</subfield>
    <subfield code="l">0</subfield>
    <subfield code="o">311.2 GUP</subfield>
    <subfield code="p">B-654461</subfield>
    <subfield code="r">2017-02-21 00:00:00</subfield>
    <subfield code="t">1</subfield>
    <subfield code="v">475.00</subfield>
    <subfield code="y">EN</subfield>
    <subfield code="z">Written off on approval by DLB (By Circulation); dtd 20.12.2022</subfield>
  </datafield>
  <datafield tag="952" ind1=" " ind2=" ">
    <subfield code="0">0</subfield>
    <subfield code="1">0</subfield>
    <subfield code="4">0</subfield>
    <subfield code="7">0</subfield>
    <subfield code="8">NFIC</subfield>
    <subfield code="a">AV</subfield>
    <subfield code="b">AV</subfield>
    <subfield code="d">2017-07-07</subfield>
    <subfield code="e">BPPD/EN/2016-17/AV/16-17/472/15.02.2017/TZ17430/24.02.2017/18.03.2017</subfield>
    <subfield code="g">475.00</subfield>
    <subfield code="l">0</subfield>
    <subfield code="o">311.2 GUP</subfield>
    <subfield code="p">B-667880</subfield>
    <subfield code="r">2017-07-07 00:00:00</subfield>
    <subfield code="t">1</subfield>
    <subfield code="v">475.00</subfield>
    <subfield code="w">2017-07-07</subfield>
    <subfield code="y">EN</subfield>
  </datafield>
</record>
